|
|
|
|
| LEADER |
00000nam0a2200000 4500 |
| 001 |
63842 |
| 005 |
20231101212107.0 |
| 035 |
|
|
|a (RuTPU)RU\TPU\book\67743
|
| 090 |
|
|
|a 63842
|
| 100 |
|
|
|a 20040520d1981 k y0rusy50 ca
|
| 101 |
0 |
|
|a rus
|
| 102 |
|
|
|a RU
|
| 105 |
|
|
|a a z 001zy
|
| 200 |
1 |
|
|a Комплексный термический анализ
|f Н. П. Бурмистрова, К. П. Прибылов, В. П. Савельев
|
| 210 |
|
|
|a Казань
|c Изд-во Казанского ун-та
|d 1981
|
| 215 |
|
|
|a 110 с.
|c ил.
|
| 320 |
|
|
|a Библиография в конце глав.
|
| 606 |
1 |
|
|a Термический анализ
|2 stltpush
|3 (RuTPU)RU\TPU\subj\59907
|9 77402
|
| 610 |
1 |
|
|a физико-химические исследования
|
| 610 |
1 |
|
|a физика
|
| 610 |
1 |
|
|a разработка аппаратуры
|
| 610 |
1 |
|
|a исследования
|
| 610 |
1 |
|
|a химия
|
| 675 |
|
|
|a 543.57
|v 3
|
| 700 |
|
1 |
|a Бурмистрова
|b Н. П.
|g Нина Петровна
|
| 701 |
|
1 |
|a Прибылов
|b К. П.
|g Константин Павлович
|
| 701 |
|
1 |
|a Савельев
|b В. П.
|g Василий Петрович
|
| 801 |
|
1 |
|a RU
|b 63413507
|c 20040520
|g PSBO
|
| 801 |
|
2 |
|a RU
|b 63413507
|c 20150421
|g PSBO
|
| 942 |
|
|
|c BK
|